| 000 | 01830nam2a2200265 4500 | ||
|---|---|---|---|
| 001 | RU\NLR\BIBL_A\010012620 | ||
| 005 | 20260521123017.0 | ||
| 010 | _a978-5-91768-415-4 | ||
| 010 | _a978-5-16-009023-8 | ||
| 021 |
_aRU _b2013-88119 _96096 |
||
| 035 | _a(NLR Aleph) 010012620 | ||
| 090 |
_a9861638 _c9861638 |
||
| 100 | _a20131210d2013 u y0rusy50 ca | ||
| 101 | 0 | _arus | |
| 102 | _aRU | ||
| 105 | _ay ||z|||||| | ||
| 200 | 0 |
_a2012 _f[сост.: Людмила Александровна Калинина, к.ю.н., Юлия Сергеевна Бондарева] |
|
| 210 |
_aМосква _cНорма _cИНФРА-М _d2013 |
||
| 215 | _a815 с. | ||
| 461 | 0 |
_1001RU\NLR\bibl\1439109 _12000#$aОпределения Верховного Суда Российской Федерации по делам об оспаривании нормативных правовых актов субъектов Российской Федерации$e[сборник]$fВерховный Суд Российской Федерации$g[сост.: Валентин Николаевич Пирожков и др.]$gотв. ред. pасл. юрист Рос. Федерации, д.ю.н., проф. В.М. Лебедев$v2012 _91402422 _cМосква _d2009 _fВерховный Суд Российской Федерации _nНорма _o[сборник] _tОпределения Верховного Суда Российской Федерации по делам об оспаривании нормативных правовых актов субъектов Российской Федерации _v2012 |
|
| 702 | 1 |
_7ca _8rus _aКалинина _bЛ. А. _cканд. юрид. наук _gЛюдмила Александровна _965289 _3RU\NLR\AUTH\7782361 |
|
| 942 | _cBOOK | ||
| 980 | _aNB | ||